1508 1799 1960 1799 1269 1736 1539 1679 1975 1891 1558 1463 1439 1137 1123 1855 1410 1753 1247 1554 1246 1420 1231 1508 1716 1332 1923 1752 1658 1236 1289 1411 1745 1069 1715 1509 1913 1747 1028 1350 1654 1018 1478 1939 1660 1916 1265 1650 1491 1001 1343 1167 1440 1400 1169 1212 1432 1400 1001 1045 1513 1611 1288 1788 1980 1986 1300 1578 1067 1209 1728 1060 1653 1070 1800 1314 1076 1090 1185 1143 1667 1487 1281 1708 1043 1586 1338 1932 1108 1644 1117 1220 1884 1559 1188 1232 1832 1822 1785 BCNSPRNW ULIB Ver.6.0+V

เปลี่ยนเป็นภาษาไทย

Change to English
 แสดงรายละเอียดบรรณานุกรม
  กลับหน้าหลัก

Brief Record : Get Marc (ISO 2709) : E-mail record : QR code < ปิดหน้าต่าง
LEADER : 00000nam 2200000uu 4500
001    13399115249
003     ULIB
008    120808s2549||||th 000 0 tha d
020    ^a9746134248(ล.1)
060  4 ^aWA671^bม246พ ล.1 2549
110 1  ^aมหาวิทยาลัยสุโขทัยธรรมาธิราช^bสาขาวิชาวิทยาศาสตร์สุขภาพ
245 00 ^aเอกสารการสอนชุดวิชา พิษวิทยาและเวชศาสตร์อุตสาหกรรม หน่วยที่1-7=^bToxicology and industrial medicine/^cสาขาวิชาวิทยาศาสตร์สุขภาพ มหาวิทยาลัยสุโขทัยธรรมาธิราช
246 0  ^aToxicology and industrial medicine
250    ^aพิมพ์ครั้งที่ 12
260    ^aนนทบุรี:^bศูนย์หนังสือมหาวิทยาลัยสุโขทัยธรรมาธิราช,^c2549
300    ^a342 หน้า
650  7 ^aพิษวิทยา
650  7 ^aเวชศาสตร์อุตสาหกรรม
945    ^p0^l0^i14748
995    ^aกัณชพร
999    ^aใช้งานได้ทุกระบบ
รายการนี้ยังไม่มีแท็ก
คุณยังไม่ได้ล็อกอิน คุณสามารถมีกิจกรรมร่วมกับเว็บไซต์ได้ แต่ต้องล็อกอินก่อน ::
  ล็อกอิน

รายการสื่อสารสนเทศ

ลำดับที่ ประเภท เลขเรียก/บาร์โค้ด สถานที่ สถานะ
- ไม่พบข้อมูล -

รายการใกล้เคียง
    หัวเรื่อง [พิษวิทยา]
    หัวเรื่อง [เวชศาสตร์อุตสาหกรรม]

BibComment


ยังไม่เคยถูกคอมเมนท์

คอมเมนท์ทรัพยากรรายการนี้
  คอมเมนท์: เอกสารการสอนชุดว..


 Copyright 2026. Bcnsprnw @Library